Rita Lee Song Titles - Statistics

General Stats
  • This quiz has been taken 3 times
  • The average score is 41 of 218
Answer Stats
Answer % Correct
Calma
100%
2001
50%
Agora Só Falta Você
50%
Amor Branco E Preto
50%
Amor E Sexo
50%
Ando Jururu
50%
Arrombou A Festa
50%
Arrombou O Cofre
50%
As Mina De Sampa
50%
Atlântida
50%
Baila Comigo
50%
Balacobaco
50%
Banho De Espuma
50%
Barriga Da Mamãe
50%
Bem-Me-Quer
50%
Bruxa Amarela
50%
Cartão Postal
50%
Caso Sério
50%
Chega Mais
50%
Coisas Da Vida
50%
Com A Boca No Mundo
50%
Cor De Rosa Choque
50%
Corista De Rock
50%
Dançar Pra Não Dançar
50%
Degustação
50%
Departamento De Criação
50%
Desculpe O Auê
50%
Disco Voador
50%
Drag Queen
50%
Elvira Pagã
50%
Erva Venenosa
50%
Esse Tal De Roque Enrow
50%
Eu E Meu Gato
50%
Favorita
50%
Flagra
50%
Frou-Frou
50%
Fruto Proibido
50%
Jardins Da Babilônia
50%
João Ninguém
50%
José
50%
Lady Babel
50%
Lança Perfume
50%
Lá Vou Eu
50%
Luz Del Fuego
50%
Mamãe Natureza
50%
Mania De Você
50%
Maria Mole
50%
Menino
50%
Menino Bonito
50%
Miss Brasil 2000
50%
Mutante
50%
Não Titia
50%
Nem Luxo Nem Lixo
50%
Obrigado Não
50%
O Circo
50%
On The Rocks
50%
Ôrra Meu
50%
O Toque
50%
Ovelha Negra
50%
Papai Me Empresta O Carro
50%
Pirarucu
50%
Pirataria
50%
Posso Contar Comigo
50%
Raio X
50%
Reza
50%
Santa Rita De Sampa
50%
Saúde
50%
Shangrilá
50%
Só De Você
50%
Strip Tease
50%
Sucesso, Aqui Vou Eu
50%
Superstafa
50%
Tatibitati
50%
Tiroleite
50%
Todas As Mulheres do Mundo
50%
Tudo Vira Bosta
50%
Vamos Tratar Da Saúde
50%
Vírus Do Amor
50%
Vote Em Mim
50%
Yoko Ono
50%
3001
0%
A Fulana
0%
Agora É Moda
0%
A Gripe Do Amor
0%
A Hard Day's Night
0%
All My Loving
0%
Ambição
0%
And I Love Her
0%
Aqui, Ali, Em Qualquer Lugar
0%
Arrombou A Festa Número 2
0%
As Loucas
0%
Aviso Aos Meliantes
0%
Bagdá
0%
Bamboogiewoogie
0%
Barata Tonta
0%
Beija-me, Amor
0%
Benzadeusa
0%
Bixo Grilo
0%
Blue Moon
0%
Bobos Do Corte
0%
Brazix Muamba
0%
Bwana
0%
Caçador De Aventura
0%
Canaglia
0%
Choque Cultural
0%
Circulo Vicioso
0%
Copacabana Boy
0%
Coração Em Crise
0%
Corre-Corre
0%
Damme Mille Baci
0%
De Novo Aqui Meu Bom José
0%
De Pés No Chão
0%
Deprê
0%
Dias Melhores Virão
0%
Divagando
0%
Doce Vampiro
0%
Dona Doida / Incidental: Cadê Zazá
0%
É A Vida
0%
Eclipse Do Cometa
0%
Entre Sem Bater
0%
Esfinge
0%
Eu E Mim
0%
Eu Vou Me Salvar
0%
Farsa
0%
Felicidade
0%
Filho Meu
0%
Fissura
0%
Flerte Fatal
0%
Fonte Da Juventude
0%
Frique Comigo
0%
Fruta Madura
0%
Gloria F
0%
Gororoba
0%
Here, There and Everywhere
0%
Hino Dos Malucos
0%
História Sem Fim
0%
Hoje É O Primeiro Dia Do Resto Da Sua Vida
0%
Homem Vinho / Citação: O Que É Que A Baiana Tem?
0%
Hulla-Hulla
0%
If I Feel
0%
In My Life
0%
I Want to Hold Your Hand
0%
I, Yi, Yi, Yi (I Like You Very Much)
0%
Jardim De Allah
0%
Já Te Falei
0%
La Javanaise
0%
La Miranda
0%
Loco-Motivas
0%
Longe Daqui, Aqui Mesmo
0%
Lucy in the Sky with Diamonds
0%
Macarrão Com Linguiça E Pimentão
0%
Maria Ninguém
0%
Menino De Braçanã
0%
Menopower
0%
Mentiras
0%
Me Recuso
0%
Michelle
0%
Minha Vida
0%
Modinha
0%
Molambo Souvenir
0%
Mon Amour
0%
Musico Problema
0%
Nave Maria
0%
Nave Terra
0%
Normal Em Curitiba
0%
Noviças Do Vício
0%
O Amor Em Pedaços
0%
O Futuro Me Absolve
0%
O Que É Que A Baiana Tem?
0%
O Que Você Quer
0%
Over The Rainbow
0%
Pagu
0%
Para Com Isso
0%
Paradise Brasil
0%
Pé De Meia
0%
Pega Rapaz
0%
Perto Do Fogo
0%
Picola Marina
0%
Pirata Cigano
0%
Pistis Sophia
0%
Pow
0%
Pra Você Eu Digo Sim
0%
Precisamos De Irmãos
0%
Prisioneira Do Amor
0%
Que Loucura
0%
Rapaz
0%
Rebeldade
0%
Samba Do Arnesto
0%
Sassaricando
0%
Sem Cerimônia
0%
She Loves You
0%
Só Vejo Azul
0%
Status
0%
Superfície Do Planeta
0%
Tapupukitipa
0%
Tataratlantes
0%
Teimosia
0%
Tempo Nublado
0%
...Tem Uma Cidade
0%
Tentação Do Céu
0%
Tipo Inesquecível
0%
Tititi (Galinhagem)
0%
Tô Um Lixo
0%
Tratos À Bola
0%
Troca Troca
0%
Tudo por Amor
0%
Tum Tum
0%
Tutti-Fuditti
0%
Uma Noite Em Hong Kong
0%
Viagem Ao Fundo De Mim
0%
Vidinha
0%
Vítima
0%
Você Vem
0%
Volta Ao Mundo
0%
With a Little Help from My Friends
0%
Xuxuzinho
0%
Ye Ye Ye
0%
Yo No Creo Pero...
0%
No matching quizzes found
Score Distribution
Percent of People with Each Score
Percentile by Number Answered
Your Score History
You have not taken this quiz